Madame de Pompadour (Record no. 98569)

MARC details
000 -LEADER
campo de control de longitud fija 00744nam a2200205 i 4500
001 - NÚMERO DE CONTROL
campo de control 98569
003 - IDENTIFICADOR DE NÚMERO DE CONTROL
campo de control ES-MaACL
005 - FECHA Y HORA DE LA ÚLTIMA TRANSACCIÓN
campo de control 20250927125325.0
007 - CAMPO FIJO DE DESCRIPCIÓN FÍSICA--INFORMACIÓN GENERAL
campo de control de longitud fija t|
008 - DATOS DE LONGITUD FIJA--INFORMACIÓN GENERAL
campo de control de longitud fija 051010s1911 fr f |||| |bfre d
080 ## - NÚMERO DE LA CLASIFICACIÓN DECIMAL UNIVERSAL
Número de la Clasificación Decimal Universal 929 Pompadour, Jeanne Antoinette Poisson, Marquise de
100 1# - ENTRADA PRINCIPAL--NOMBRE DE PERSONA
Nombre de persona Du Hausset, Nicole.
9 (RLIN) 45708
245 10 - MENCIÓN DEL TÍTULO
Título Madame de Pompadour
Resto del título : d'après le Journal de sa femme de chambre /
Mención de responsabilidad, etc. [Nicole Du Hausset] ; préface de Marcelle Tinayre.
260 ## - PUBLICACIÓN, DISTRIBUCIÓN, ETC.
Lugar de publicación, distribución, etc. Paris :
Nombre del editor, distribuidor, etc. Jules Tallandier,
Fecha de publicación, distribución, etc. [1911]
300 ## - DESCRIPCIÓN FÍSICA
Extensión XVI, 280 p., 13 h. de lám. ;
Dimensiones 20 cm.
600 14 - PUNTO DE ACCESO ADICIONAL DE MATERIA--NOMBRE DE PERSONA
Nombre de persona Pompadour, Jeanne Antoinette Poisson
Títulos y otros términos asociados al nombre Marquise de.
9 (RLIN) 140340
700 1# - ENTRADA AGREGADA--NOMBRE PERSONAL
Nombre de persona Tinayre, Marcelle,
Fechas asociadas al nombre 1872-1948
9 (RLIN) 38396
852 ## - LOCALIZACIÓN
Ubicación ES-MaACL
Número de control de estantería F-6488
Holdings
Estatus retirado Estado de pérdida Estado de daño No para préstamo Biblioteca de origen Biblioteca actual Ubicación en estantería Fecha de adquisición Fuente de adquisición Total de préstamos Signatura topográfica completa Código de barras Visto por última vez Precio de reemplazo Tipo de ítem Koha
        Biblioteca del Ateneo de Madrid Biblioteca del Ateneo de Madrid Depósito 2 17/01/2008     F-6488 1102906 23/02/2023 23/02/2023 Libro impreso